000 01484nam0a2200397 4500
001 RU\NLR\bibl\513090
005 20250609143042.0
010 _a5-7439-0094-9
_91100
021 _aRU
_b2003-67024
_93304
035 _aRSL-KNO-002385164
035 _a(NLR Aleph) 000505556
090 _a1200587
_c1200587
100 _a20031201d2003 |||y0rusy50 ca
101 0 _arus
102 _aRU
105 _ay |||||||||
106 _ar
200 1 _aРоссия и Кавказ
_eИстория, религия, культура
_e[Сб.]
210 _aСПб.
_cЖурн. "Звезда" и др.
_d2003
_eТип. ООО ИПК Бионт
215 _a191,[1] с.
_d21
320 _aБиблиогр. в подстроч. прим.
607 _aРоссия
_jСборники
_xВзаимоотношения с Кавказом
_92238184
_3RU\NLR\auth\661343135
607 _aРоссия
_jСборники
_xВзаимоотношения
_yКавказ
_92202227
_3RU\NLR\auth\661323299
607 _aКавказ
_jСборники
_xВзаимоотношения с Россией
_92202232
_3RU\NLR\auth\661323302
686 _aТ3(2Р37)я43
_2rubbk
686 _aТ3(2Р37)я43
686 _aТ3(2)0-56я43
801 0 _aRU
_bRuMoRKP
_c20031201
_gPSBO
801 1 _aRU
_bRuMoRKP
_c20031201
801 2 _aRU
_bNLR
_c20040420
_gPSBO
852 _aNLR
_bОНЛ
_j2004-3/8687
852 _aNLR
_bОНЛ
_j2004-3/8687
942 _cBOOK
980 _aNB